| 000 | 00695nam a2200205 i 4500 | ||
|---|---|---|---|
| 001 | bgj | ||
| 100 | 1 | _aGARDEN, Francis Lemarchand | |
| 245 | 1 | 0 |
_aApple pie : _bstudent's book / _cFrances Lemarchand Garden, Kathleen Julie Fein ; Polish edition by Beverly Littlewood. |
| 260 |
_aWarszawa : _bMacmillan Polska, _c2000. |
||
| 300 |
_a96 pp : _bill. ; _c28 cm. |
||
| 650 | 9 |
_aEnglish language _xTextbooks for foreigners _xTextbooks for |primary schools |
|
| 700 | 1 |
_aFEIN, Kathleen Julie. _eco-author |
|
| 700 | 1 |
_aLITTLEWOOD, Beverly. _eeditor |
|
| 020 | _a033394514X | ||
| 040 | _cBPK | ||
| 041 | 0 | _aeng | |
| 920 | _a0-333-94514-X | ||
| 942 | _cKS | ||
| 008 | s uk f |000 0 eng | ||
| 999 |
_c48488 _d48488 |
||